Paroles - Hugo TSR - Là-Haut - Statistiques

Statistiques générales
  • Ce quiz a été pris 91 fois
  • Le résultat moyen est 206 sur 500
Statistiques - réponses
Réponse % Correct
la
91%
91%
là-haut
88%
la-haut
88%
pour
86%
a
84%
à
84%
de
84%
butte
82%
le
82%
Le
82%
sur
82%
des
79%
j'me
77%
un
77%
les
75%
Les
75%
vais
74%
du
72%
me
72%
on
72%
On
72%
se
72%
regarder
70%
Couplet 1 : Ca
68%
ca
68%
pas
68%
et
67%
ville
67%
ma
63%
il
61%
une
61%
centime
60%
en
60%
Couplet 2 : En
60%
Refrain X2 : J'm'en
60%
rap
60%
sont
60%
dirait
58%
plus
58%
rapides
58%
au
54%
gargouille
54%
rues
54%
s'bute
54%
que
53%
bourges
51%
ils
51%
insensibles
51%
mon
51%
quand
51%
tu
51%
est
49%
49%
dans
47%
faire
47%
folles
47%
mais
47%
tous
47%
Couplet 3 : Tous
47%
bouches
46%
grands
46%
s'disent
46%
bandits
44%
frères
44%
prendre
44%
vite
44%
armes
42%
font
42%
Vie
42%
11
40%
c'est
40%
ceux
40%
ciel
40%
depuis
40%
grandissent
40%
pete
40%
pète
40%
septembre
40%
zèle
40%
bientôt
39%
brandissent
39%
brigands
39%
gratte-ciel
39%
j'ai
39%
J'ai
39%
l'été
39%
bambins
37%
couleur
37%
d'incendies.
37%
embrouilles
37%
ne
37%
pastèques
37%
qui
37%
ta
37%
'teilles
37%
vient
37%
bat'
35%
Paris
35%
prunes
35%
du-per
33%
entre
33%
infantiles
33%
mal
33%
m'approcher
33%
marché
33%
monde
33%
seum
33%
suspendus
33%
jardins
32%
merveille
32%
qu'abusent
32%
toit
32%
trouves
32%
voix
32%
cherchez
30%
c'monde
30%
d'une
30%
j'resiste
30%
s'feront
30%
street-art
30%
toujours
30%
tout
30%
t'y
30%
voiture
30%
18ème
28%
cas
28%
crue
28%
d'la
28%
flux
28%
galerie
28%
mets
28%
pieds
28%
seule
28%
suis
28%
tendu
28%
j'monte
26%
keufs
26%
voie
26%
aux
25%
couche
25%
devant
25%
jamais
25%
même
25%
Paradis
25%
s'vide
25%
côté
23%
ferrée
23%
laquelle
23%
l'heure
23%
l'inspecteur
23%
meurtre
23%
parce
23%
quant
23%
rendu
23%
t'épier
23%
as
21%
braguette
21%
dix
21%
doivent
21%
henné
21%
j'suis
21%
l'autre
21%
mélange
21%
ouverte
21%
sous
21%
ter
21%
t'fais
21%
t'habites
21%
vois
21%
vue
21%
bissap
19%
cachée
19%
comme
19%
CV
19%
d'joint
19%
esquinté
19%
Été
19%
mis
19%
odeur
19%
parking
19%
sans
19%
si
19%
toiture
19%
trentaine
19%
vodka
19%
besoin
18%
bizarre
18%
Cocktail
18%
cons'
18%
drive-by
18%
gaffe
18%
j'dors
18%
j'vis.
18%
l'instant
18%
quelques
18%
qu'la
18%
Sacré-Coeur
18%
sera
18%
stations
18%
t'as
18%
tas
18%
thème
18%
trois
18%
bancs
16%
combi'
16%
d'gros
16%
doutes
16%
gueules
16%
j'voulais
16%
Mate
16%
m'ecoeure
16%
mots
16%
nous
16%
plaquette
16%
qu'on
16%
routine
16%
t'es
16%
avec
14%
avoir
14%
blaze
14%
clandestin
14%
couvres
14%
Refrain X2 : d'Montmartre
14%
Grosse
14%
J'roulais
14%
l'verre
14%
NASA
14%
parvis
14%
pépin
14%
roupille
14%
sale
14%
ton
14%
vice
14%
2015
12%
brisent
12%
combattre
12%
éreinté
12%
facile
12%
fêles
12%
fenetres
12%
foi
12%
mieux
12%
qu'Ibiza
12%
qu'les
12%
rayer
12%
soir
12%
table
12%
vas
12%
victorieux
12%
Y'a
12%
antalgiques
11%
castafiore
11%
Confonds
11%
couloirs
11%
d'astronautes
11%
d'looping
11%
d'suite
11%
écrans
11%
Fraudeurs
11%
gens
11%
Ici
11%
J'arrive
11%
J'reviens
11%
l'argent
11%
perdre
11%
s'fascinent
11%
tactiles
11%
4
9%
caillou
9%
connaitre
9%
dégueule
9%
fera
9%
l'affaire
9%
malsain
9%
nerveux
9%
peux
9%
qu'il
9%
ressemblent
9%
secousse
9%
trafics
9%
Truman
9%
celards-vi
7%
faut
7%
filmé
7%
KURWA
7%
main
7%
nos
7%
paume
7%
près
7%
reste
7%
truqué
7%
absent
5%
Alcatraz
5%
binz'
5%
bombarde
5%
délires
5%
Domovoï
5%
étriquée
5%
fidèle
5%
four
5%
mêmes
5%
mômes
5%
monotone
5%
passent
5%
rentre
5%
squeezer
5%
terminus
5%
appelle-moi
4%
crack
4%
DAVAJ
4%
Dents
4%
d'l'asphalte
4%
J'reste
4%
mettent
4%
nouveau
4%
Pourquoi
4%
qu'je
4%
usine
4%
volent
4%
ceux-mor
2%
couches
2%
l'école
2%
l'Ile-de-France
2%
Molotow
2%
serrées
2%
tards
2%
poche-ca
0%
Aucun quiz correspondant
Distribution des résultats
% des personnes avec chaque résultat
Percentile par nombre de réponses
Votre historique - résultats
Vous n’avez pas pris ce quiz